Histoire en images - A - Statistiques

Statistiques générales
  • Ce quiz a été pris 654 fois
  • Le résultat moyen est 12 sur 18
Statistiques - réponses
Par images Hint Réponse % Correct
Conquérant Alexandre le Grand
88%
Programme spatial Apollo
86%
Philosophe Aristote
82%
Civilisation Aztèque
81%
Demi-dieu Achille
80%
Prison Alcatraz
80%
Empereur Auguste
80%
Divinité Athéna
79%
Régime ségrégationniste Apartheid
75%
Empire Autriche-Hongrie
71%
Colline Acropole d'Athènes
64%
Scientifique Archimède
59%
Ancien pays Allemagne de l'Est
54%
Conquérant Attila
54%
Crise politique Affaire Dreyfus
46%
Temple Angkor Vat
39%
Bataille de 1415 Bataille d'Azincourt
39%
Château Château d'Amboise
19%
Aucun quiz correspondant
Distribution des résultats
% des personnes avec chaque résultat
Percentile par nombre de réponses
Votre historique - résultats
Vous n’avez pas pris ce quiz